Oeuvres philosophiques.

Đã lưu trong:
Chi tiết về thư mục
Tác giả chính: Pico de la Mirandola, Giovanni (1463-1494)
Tác giả khác: Boulnois, Olivier (texte latin, traduction et notes, étude sur "Humanisme et dignité de l'homme" selon Pic de la Mirandole), Tognon, Giuseppe (préface, texte latin, traduction et notes)
Định dạng: Sách
Ngôn ngữ:Tiếng Anh
Được phát hành: Paris, France: Presses Universitaires de France, 1993.
Phiên bản:1a. édition.
Loạt:Epiméthée.
Những chủ đề:
Các nhãn: Thêm thẻ
Không có thẻ, Là người đầu tiên thẻ bản ghi này!

MARC

LEADER 00000nam a22000007a 4500
003 CL-VaPUC
005 20220822114734.0
008 220727t1993 ||||| |||| 00| 0 eng d
999 |c 437650  |d 437648 
020 |a 2-13-044964-6 
022 |a 0768-0708 
040 |c Pontificia Universidad Católica de Valparaíso 
082 |2 22  |a 195 PIC 1993 
100 |9 873837  |a Pico de la Mirandola, Giovanni   |e 1463-1494 
245 |a Oeuvres philosophiques.  
250 |a 1a. édition.  
260 |a Paris, France:   |b Presses Universitaires de France,   |c 1993. 
300 |a LIII, 354 páginas.  
490 |a Epiméthée. 
500 |a c.1 Donación Familia Prof. Alejandro Guzmán Brito. 
583 |c 20220727  |k Yessy Sthefany Diaz Vidal 
650 0 |9 223554  |a Filosofía   |x Renacimiento  
650 0 |9 256850  |a Ontología  
650 0 |9 269126  |a Filósofos   |x Humanismo   |z Italia  
700 |9 874095  |a Boulnois, Olivier   |e texte latin, traduction et notes  |e étude sur "Humanisme et dignité de l'homme" selon Pic de la Mirandole 
700 |9 874096  |a Tognon, Giuseppe   |e préface, texte latin, traduction et notes 
942 |2 ddc  |c BK  |n 0 
952 |0 0  |1 0  |2 ddc  |4 0  |6 195_000000000000000_PIC_1993  |7 0  |8 C_AGB  |9 585438  |a BIBDER  |b BIBDER  |d 2022-07-27  |e Donación   |i 5653397  |o 195 PIC 1993  |p 5653397  |r 2023-01-25  |t 1  |w 2022-07-27  |y BK_US  |k AGB